| 000 | 00393nam a2200169Ia 4500 | ||
|---|---|---|---|
| 008 | 180207s9999 xx 000 0 und d | ||
| 020 | _a9780670036554 | ||
| 050 | _bB985 2003 | ||
| 100 | _aButler, John. | ||
| 245 | _aWho says woof? / | ||
| 245 | _cJohn Butler. | ||
| 260 | _aNew York : | ||
| 260 | _bViking, | ||
| 260 | _c2003 | ||
| 300 | _aunpaged : | ||
| 300 | _bcolor illustration ; | ||
| 999 |
_c355077 _d355077 |
||